Loading...
| History - Other History | 0 | 7 | 0 | 0 | 70 | 68 | 79.43 | 4 | 7 |
| History - European History | 0 | 5 | 0 | 0 | 50 | 67 | 86.80 | 1 | 5 |
| Philosophy | 0 | 5 | 1 | 0 | 45 | 47 | 91.60 | 1 | 5 |
| History - American History | 0 | 4 | 0 | 0 | 40 | 52 | 70.50 | 4 | 4 |
| Literature - American Literature | 0 | 3 | 0 | 0 | 30 | 64 | 106.67 | 3 | 3 |
| Religion | 0 | 3 | 0 | 0 | 30 | 66 | 94.33 | 1 | 3 |
| Literature - European Literature | 0 | 3 | 1 | 1 | 25 | 91 | 111.00 | 1 | 3 |
| Fine Arts - Painting and Sculpture | 0 | 2 | 0 | 0 | 20 | 103 | 110.50 | 1 | 2 |
| Mythology | 0 | 2 | 0 | 0 | 20 | 15 | 63.00 | 1 | 2 |
| Literature - World Literature | 0 | 2 | 0 | 0 | 20 | 108 | 124.00 | 1 | 2 |
| Literature - British Literature | 0 | 2 | 1 | 0 | 15 | 55 | 85.00 | 1 | 2 |
| Social Science | 0 | 1 | 0 | 0 | 10 | 98 | 98.00 | 0 | 1 |
| Fine Arts - Other Fine Arts | 0 | 1 | 0 | 0 | 10 | 105 | 105.00 | 1 | 1 |
| Geography | 0 | 1 | 0 | 0 | 10 | 123 | 123.00 | 0 | 1 |
| Current Events | 0 | 1 | 0 | 0 | 10 | 61 | 61.00 | 0 | 1 |
| History - World History | 0 | 1 | 1 | 0 | 5 | 66 | 66.00 | 0 | 1 |
| Pop Culture | 0 | 1 | 1 | 0 | 5 | 17 | 17.00 | 1 | 1 |